| 000 | 00634nam a22001817a 4500 | ||
|---|---|---|---|
| 999 |
_c14973 _d14973 |
||
| 003 | OSt | ||
| 082 | _2631.56 BHA/ST | ||
| 088 | _aP 183 | ||
| 100 |
_aBHAVYA E.P _aGOVIND RAMACHANDRAN NAIR _aSOUMYA MOHAN _93990 |
||
| 245 | _aStudies on development of coconut chips | ||
| 260 |
_aTavanur 2008 _bDepartment of Post-Harvest Technology and Agricultural Processing |
||
| 300 | _a59 | ||
| 500 | _aStudies on development of coconut chips | ||
| 520 | _aStudies on development of coconut chips | ||
| 700 |
_aDr. Santhi Mary Mathew (Guide) _93359 |
||
| 856 | _uhttps://drive.google.com/open?id=1XbqcI_IV3-s__3V-sTGuvPuRICN7xX5A | ||
| 942 | _cPR | ||